000
00272nam a22001217a 4500
008
171124b xxu||||| |||| 00| 0 eng d
041
_a
eng
080
_a
32
100
_a
19
101
_a
SHP
245
_a
THE RECONSTRUCTION OF PATRIOTISM
_c
JANOWITZ, M
942
_2
udc
_c
BK
999
_c
38495
_d
38495